Partitioning data sets : DIMACS workshop, April 19-21, 1993
Αποθηκεύτηκε σε:
| Συγγραφή απο Οργανισμό/Αρχή: | |
|---|---|
| Άλλοι συγγραφείς: | , , |
| Μορφή: | Βιβλίο |
| Γλώσσα: | English |
| Δημοσίευση: |
[Providence, RI] :
American Mathematical Society,
c1995
|
| Σειρά: | DIMACS series in discrete mathematics and theoretical computer science ;
; 19 |
| Θέματα: | |
| Ετικέτες: |
Προσθήκη ετικέτας
Δεν υπάρχουν, Καταχωρήστε ετικέτα πρώτοι!
|
MARC
| LEADER | 00000nam a2200000 i 4500 | ||
|---|---|---|---|
| 001 | 1/78086 | ||
| 008 | 990419s1995 eng d | ||
| 020 | |a 0-8218-6606-0 | ||
| 035 | |l 10050068 | ||
| 040 | |a GR-MY-UA |b gre |e aacr | ||
| 041 | 0 | |a eng | |
| 082 | 0 | |a 621.36701519535 | |
| 245 | 1 | 0 | |a Partitioning data sets : |b DIMACS workshop, April 19-21, 1993 / |c Ingemar J. Cox, Pierre Hansen, Bela Julesz, editors |
| 260 | |a [Providence, RI] : |b American Mathematical Society, |c c1995 | ||
| 300 | |a xii, 408 p.; |b ill.; |c 27 cm. | ||
| 490 | 1 | |a DIMACS series in discrete mathematics and theoretical computer science |v ; 19 | |
| 500 | |a Includes bibliographical references | ||
| 500 | |a NFS Science and Technology Center in Discrete Mathematics and Theoretical Computer Science, a consortium of Rutgers University, Princeton University, AT&T Bell Labs, Bellcore | ||
| 650 | 0 | 0 | |a Cluster analysis. |
| 650 | 0 | 0 | |a Partitions (Mathematics) |
| 650 | 0 | 0 | |a Computer vision. |
| 700 | 1 | |a Cox, I. J. |q (Ingemar J.) |4 edt | |
| 700 | 1 | |a Hansen, P. (Pierre) |4 edt | |
| 700 | 1 | |a Julesz, Bela. |4 edt | |
| 710 | 2 | |a NSF Science and Technology Center in Discrete Mathematics and Theoretical Computer Science. | |
| 830 | 0 | |a DIMACS series in discrete mathematics and theoretical computer science ; |v ; 19 | |
| 852 | |a INST |b SAMOS |e 19990419 |h 621.36701519535 PAR |p 005300013024 |q 005300013024 |t BK |y 0 | ||
| 901 | |a BIBL-1999-1 | ||
| 909 | |a Σ |b 064086 | ||
| 922 | |a 3ΕΛΗ |b 199901 |c ΚΠΣ |d GLORY | ||